Factoring - finanční jistota.

Transfinance a.s. ponúka popis a rozdelenie factoringu do troch skupín - vývozný, dovozný a tuzemský factoring. Skúsenosti a výsledky za rok 1992 v oblasti komoditného a teritoriálneho zamerania.

Gespeichert in:
Bibliographische Detailangaben
1. Verfasser: Pavlasová, P.
Format: Buchkapitel
Sprache:Tschechisch
Schlagworte:
Tags: Tag hinzufügen
Keine Tags, Fügen Sie das erste Tag hinzu!

MARC

LEADER 00000naa a2200000 4500
001 r013611
005 20221213083237.6
041 0 |a cze 
044 |a CZ 
245 1 0 |a Factoring - finanční jistota.  |c P. Pavlasová 
520 |a Transfinance a.s. ponúka popis a rozdelenie factoringu do troch skupín - vývozný, dovozný a tuzemský factoring. Skúsenosti a výsledky za rok 1992 v oblasti komoditného a teritoriálneho zamerania. 
610 2 0 |a faktoring 
610 2 0 |a obchod zahraničný 
610 2 0 |a pohľadávky 
610 2 0 |a 1992 
610 2 0 |a Transfinance, a.s. 
100 1 |a Pavlasová, P.